[Event "Bucharest Revolution Memorial"]
[Site "Bucharest"]
[Date "2003.12.??"]
[Round "?"]
[White "Baciu, Anca Otilia"]
[Black "Bogza, Oana"]
[Result "1/2-1/2"]
[WhiteElo "2126"]
[BlackElo "2120"]
[PlyCount "81"]
[EventDate "2003.12.??"]
[EventType "swiss"]
[EventRounds "7"]
[EventCountry "ROU"]
[SourceTitle "EXT 2008"]
[Source "ChessBase"]
[SourceDate "2007.11.25"]
[SourceVersion "1"]
[SourceVersionDate "2007.11.25"]
[SourceQuality "1"]

1. e4 d6 2. d4 g6 3. Nc3 Bg7 4. Be3 Nf6 5. f3 c6 6. Qd2 Qa5 7. Nge2 b5 8. Nc1 Nbd7 9. Nb3 Qc7 10. Bh6 Bxh6 11. Qxh6 a6 12. a4 b4 13. Nd1 c5 14. Ne3 Bb7 15. a5 cxd4 16. Nxd4 d5 17. exd5 Qe5 18. 0-0-0 Nxd5 19. Nc4 Qf4+ 20. Qxf4 Nxf4 21. g3 Nd5 22. Bh3 Rc8 23. Bxd7+ Kxd7 24. Ne5+ Ke8 25. Rhe1 e6 26. f4 Kf8 27. Ndf3 Kg7 28. Kb1 Rc5 29. Ng5 Rc7 30. Rd2 Rf8 31. Rd4 Ba8 32. Rc4 Rxc4 33. Nxc4 Rc8 34. Nd6 Rf8 35. Kc1 h6 36. Nge4 Rd8 37. Nc4 Bc6 38. Ned6 Kf8 39. Rd1 Ke7 40. Ne4 Rb8 41. Rd4 1/2-1/2

[Event "Metz op 20th"]
[Site "Metz"]
[Date "2002.04.18"]
[Round "6"]
[White "Klinova, Masha"]
[Black "Bogza, Oana"]
[Result "1/2-1/2"]
[WhiteElo "2432"]
[BlackElo "2128"]
[PlyCount "82"]
[EventDate "2002.04.13"]
[EventType "swiss"]
[EventRounds "9"]
[EventCountry "FRA"]
[SourceTitle "CBM 087 Extra"]
[Source "ChessBase"]
[SourceDate "2002.05.03"]
[SourceVersion "2"]
[SourceVersionDate "2002.08.09"]
[SourceQuality "1"]

1. e4 d6 2. d4 g6 3. Nc3 Bg7 4. Be3 Nf6 5. f3 c6 6. Qd2 Qa5 7. h4 h5 8. Nh3 Bxh3 9. Rxh3 Nbd7 10. Be2 b5 11. a3 a6 12. Kf2 Rc8 13. Rhh1 Qc7 14. a4 0-0 15. Bd3 e5 16. dxe5 dxe5 17. Ne2 c5 18. c4 b4 19. Rhg1 Rfd8 20. g4 hxg4 21. Ng3 Nf8 22. h5 Qd7 23. Rad1 gxf3 24. Nf5 gxf5 25. exf5 Qxd3 26. Qxd3 Rxd3 27. Rxd3 Kh7 28. h6 Bxh6 29. Bxh6 Kxh6 30. Rd6 N8d7 31. Kxf3 a5 32. Rd2 Re8 33. Rd6 Rc8 34. Rd2 Re8 35. Rd6 Kh7 36. Ra6 e4+ 37. Ke3 Rc8 38. Kf4 Re8 39. Ke3 Re5 40. Kf4 Re8 41. Ke3 Re5 1/2-1/2

[Event "ROM-ch (Women)"]
[Site "Targoviste"]
[Date "2001.11.30"]
[Round "7"]
[White "Bollengier, Andreea"]
[Black "Bogza, Oana"]
[Result "0-1"]
[WhiteElo "2240"]
[BlackElo "2143"]
[PlyCount "90"]
[EventDate "2001.11.23"]
[EventType "tourn"]
[EventRounds "11"]
[EventCountry "ROU"]
[SourceTitle "CBM 085 Extra"]
[Source "ChessBase"]
[SourceDate "2002.01.21"]
[SourceVersion "1"]
[SourceVersionDate "2002.01.21"]
[SourceQuality "1"]

1. e4 d6 2. d4 g6 3. Nc3 Bg7 4. Be3 Nf6 5. f3 c6 6. Qd2 Qa5 7. Nge2 b5 8. g3 b4 9. Nd1 Nbd7 10. b3 Ba6 11. a4 0-0 12. Nb2 c5 13. Nc1 Bxf1 14. Rxf1 Qc7 15. Ne2 Rfc8 16. 0-0-0 d5 17. e5 cxd4 18. Nxd4 Nxe5 19. Qxb4 Rab8 20. Qd2 a6 21. Rde1 Ned7 22. Kb1 e5 23. Ne2 d4 24. Nxd4 exd4 25. Bf4 Qc5 26. Bxb8 Rxb8 27. Nd3 Qa3 28. Qa5 Qd6 29. Ne5 Nb6 30. Qxa6 Nfd5 31. Nc4 Nxc4 32. Qxc4 Ne3 33. Qd3 Nxf1 34. Rxf1 Qb4 35. Kc1 Bh6+ 36. f4 Qa3+ 37. Kd1 Rd8 38. h4 Bf8 39. f5 Qd6 40. fxg6 hxg6 41. Rf4 Bg7 42. Rf3 Re8 43. Qc4 Qe7 44. Qf1 Bh6 45. c4 Qa3 0-1

[Event "ROM-ch sf (Women)"]
[Site "Sovata"]
[Date "2001.03.14"]
[Round "5"]
[White "Munteanu, Denisa"]
[Black "Bogza, Oana"]
[Result "0-1"]
[WhiteElo "2005"]
[BlackElo "2126"]
[PlyCount "96"]
[EventDate "2001.03.10"]
[EventType "swiss"]
[EventRounds "9"]
[EventCountry "ROU"]
[SourceTitle "EXT 2008"]
[Source "ChessBase"]
[SourceDate "2007.11.25"]
[SourceVersion "1"]
[SourceVersionDate "2007.11.25"]
[SourceQuality "1"]

1. e4 d6 2. d4 g6 3. Nc3 Bg7 4. Nf3 a6 5. a4 b6 6. Be2 Bb7 7. Be3 e6 8. 0-0 Ne7 9. Qd2 h6 10. b4 Nd7 11. b5 a5 12. Bd3 g5 13. Ne1 Ng6 14. Ne2 Nf6 15. f3 0-0 16. c4 e5 17. Nc2 Nh5 18. Rad1 Nhf4 19. Ng3 Bc8 20. Bxf4 gxf4 21. Nf5 Qf6 22. Nxg7 Kxg7 23. dxe5 dxe5 24. Qc3 Qg5 25. Kh1 Kh7 26. c5 Nh4 27. Rf2 Rg8 28. Ne1 Bh3 29. Bf1 Rac8 30. Rd5 f6 31. Qd2 Be6 32. Rd3 Rg7 33. cxb6 cxb6 34. Rd6 Bc4 35. Rxb6 Bxf1 36. Rxf1 Rc4 37. Qxa5 Rc2 38. Rg1 Re2 39. Rc6 Nxg2 40. Rc7 Rxe1 41. Rxg7+ Qxg7 42. Rxe1 Nxe1 43. Qxe1 Qd7 44. Kg2 Kg6 45. Qc3 Qd1 46. Qc4 Qd2+ 47. Kh3 Qd7+ 48. Qe6 Qxe6+ 0-1

[Event "ROM-ch U20 Girls"]
[Site "Tusnad"]
[Date "2001.??.??"]
[Round "?"]
[White "Bogza, Oana"]
[Black "Istrati, Viorica"]
[Result "0-1"]
[WhiteElo "2126"]
[BlackElo "2116"]
[PlyCount "96"]
[EventDate "2001.??.??"]
[EventType "swiss"]
[EventRounds "9"]
[EventCountry "ROU"]
[SourceTitle "EXT 2008"]
[Source "ChessBase"]
[SourceDate "2007.11.25"]
[SourceVersion "1"]
[SourceVersionDate "2007.11.25"]
[SourceQuality "1"]

1. Nf3 c5 2. c4 Nc6 3. d4 cxd4 4. Nxd4 e6 5. Nc3 Bc5 6. Nb3 Bb4 7. Bd2 Nf6 8. a3 Be7 9. e4 d5 10. cxd5 exd5 11. exd5 Nxd5 12. Nxd5 Qxd5 13. Be3 Be6 14. Nc5 0-0-0 15. Qxd5 Bxd5 16. 0-0-0 Na5 17. b4 Nb3+ 18. Nxb3 Bxb3 19. Rxd8+ Rxd8 20. Be2 Kb8 21. Bf3 a5 22. Kb2 Be6 23. bxa5 Bf6+ 24. Kc1 Rc8+ 25. Kd2 Rd8+ 26. Kc1 Rd3 27. Rd1 Rxa3 28. Bb6 Ra2 29. Bd4 Bxd4 30. Rxd4 Rxa5 31. Rb4 Bd5 32. Bxd5 Rxd5 33. h4 Kc7 34. g3 b5 35. Rb2 Kc6 36. Kc2 Kc5 37. Kc3 Rf5 38. Kd3 Rf3+ 39. Ke2 Rc3 40. Ra2 b4 41. Ra7 Rc2+ 42. Ke3 b3 43. Rxf7 b2 44. Rc7+ Kb6 45. Rxc2 b1Q 46. Rd2 Kc5 47. Rd7 Qb2 48. Rc7+ Kd6 0-1

[Event "ROM-ch U20 Girls"]
[Site "Tusnad"]
[Date "2001.??.??"]
[Round "?"]
[White "Rendi, Eva"]
[Black "Bogza, Oana"]
[Result "0-1"]
[WhiteElo "2052"]
[BlackElo "2126"]
[PlyCount "96"]
[EventDate "2001.??.??"]
[EventType "swiss"]
[EventRounds "9"]
[EventCountry "ROU"]
[SourceTitle "EXT 2008"]
[Source "ChessBase"]
[SourceDate "2007.11.25"]
[SourceVersion "1"]
[SourceVersionDate "2007.11.25"]
[SourceQuality "1"]

1. e4 d6 2. d4 g6 3. Nc3 Bg7 4. Nf3 a6 5. a4 b6 6. Be2 Bb7 7. 0-0 e6 8. Bg5 Ne7 9. Qd2 h6 10. Be3 Nd7 11. h3 Nf6 12. Bd3 g5 13. Nh2 Ng6 14. f4 Nxf4 15. Bxf4 gxf4 16. Qxf4 Qe7 17. e5 dxe5 18. dxe5 Nh5 19. Qg4 Qc5+ 20. Kh1 Qxe5 21. Rae1 Ng3+ 22. Kg1 Qd4+ 23. Rf2 Qxg4 24. Nxg4 Bd4 25. Ne3 Bxc3 26. bxc3 Ne4 27. Rf4 Nd6 28. Nc4 Nxc4 29. Bxc4 Ke7 30. Ref1 Raf8 31. Kh2 Rhg8 32. g3 Rg7 33. Rf6 Rfg8 34. g4 h5 35. Be2 hxg4 36. hxg4 Rh8+ 37. Kg3 Rgh7 38. R6f4 a5 39. Bd3 Rh3+ 40. Kf2 Bc6 41. Ke2 Be8 42. Rc4 Rh2+ 43. Ke3 R8h3+ 44. Kf4 c6 45. Kg5 Rh8 46. Re4 f6+ 47. Kf4 Bf7 48. Rb1 e5+ 0-1

[Event "ROM-ch U20 Girls"]
[Site "Tusnad"]
[Date "2001.??.??"]
[Round "?"]
[White "Vladila, Liana"]
[Black "Bogza, Oana"]
[Result "0-1"]
[WhiteElo "2073"]
[BlackElo "2126"]
[PlyCount "62"]
[EventDate "2001.??.??"]
[EventType "swiss"]
[EventRounds "9"]
[EventCountry "ROU"]
[SourceTitle "EXT 2008"]
[Source "ChessBase"]
[SourceDate "2007.11.25"]
[SourceVersion "1"]
[SourceVersionDate "2007.11.25"]
[SourceQuality "1"]

1. e4 d6 2. d4 g6 3. Nc3 Bg7 4. Be3 Nf6 5. Qd2 c6 6. f3 Qa5 7. g4 b5 8. g5 Nfd7 9. h4 b4 10. Nd1 Ba6 11. Bxa6 Nxa6 12. h5 Rg8 13. Ne2 c5 14. hxg6 hxg6 15. f4 Rc8 16. c3 Nb6 17. Bf2 bxc3 18. Nexc3 Nc4 19. Qd3 cxd4 20. Bxd4 Nb4 21. Qh3 Nc2+ 22. Kf1 Qa6 23. Bxg7 Nxa1 24. Qh7 Kd7 25. Kg2 Nc2 26. Nd5 N4e3+ 27. N1xe3 Nxe3+ 28. Kf3 Nd1 29. Rxd1 Rc2 30. Re1 Qd3+ 31. Re3 Qd1+ 0-1

[Event "ROM-chT"]
[Site "Eforie Nord"]
[Date "2000.12.18"]
[Round "1"]
[White "Bogza, Oana"]
[Black "Munteanu, Denisa"]
[Result "1/2-1/2"]
[WhiteElo "2118"]
[BlackElo "2005"]
[PlyCount "82"]
[EventDate "2000.12.18"]
[EventType "team"]
[EventRounds "5"]
[EventCountry "ROU"]
[SourceTitle "CBM 081"]
[Source "ChessBase"]
[SourceDate "2001.03.20"]
[SourceVersion "1"]
[SourceVersionDate "2001.03.20"]
[SourceQuality "1"]
[WhiteTeam "Bucharest RGA"]
[BlackTeam "Brasov Dinamo"]
[WhiteTeamCountry "ROU"]
[BlackTeamCountry "ROU"]

1. Nf3 e6 2. g3 b6 3. Bg2 Bb7 4. 0-0 c5 5. c4 Nf6 6. Nc3 Be7 7. b3 0-0 8. Bb2 d5 9. cxd5 exd5 10. d4 Nc6 11. Rc1 Ne4 12. dxc5 Nxc3 13. Bxc3 bxc5 14. Qd2 d4 15. Bb2 Re8 16. Ba3 Ba6 17. Rfe1 Qb6 18. Ng5 Rac8 19. Ne4 Ne5 20. Qc2 c4 21. Bxe7 Rxe7 22. bxc4 Rxc4 23. Qd2 Rec7 24. Rb1 Qg6 25. Qa5 Nd7 26. Qd5 Qc6 27. Qf5 Qe6 28. Qf4 h6 29. Nd2 Rc2 30. Qxd4 Qxa2 31. Ra1 Qe6 32. Bd5 Qf6 33. Qxf6 Nxf6 34. Rxa6 Nxd5 35. Nf3 Nc3 36. e3 Ne4 37. Rf1 Rc1 38. Ra1 Rxa1 39. Rxa1 Rc2 40. Rf1 a5 41. Nd4 Rb2 1/2-1/2

[Event "ROM-ch U20 Girls"]
[Site "Baile Tusnad"]
[Date "2000.05.10"]
[Round "8"]
[White "Voicu Jagodzinsky, Carmen"]
[Black "Bogza, Oana"]
[Result "1-0"]
[WhiteElo "2195"]
[BlackElo "2104"]
[PlyCount "87"]
[EventDate "2000.05.??"]
[EventType "swiss"]
[EventRounds "9"]
[EventCountry "ROU"]
[SourceTitle "EXT 2004"]
[Source "ChessBase"]
[SourceDate "2003.11.25"]
[SourceVersion "1"]
[SourceVersionDate "2003.11.25"]
[SourceQuality "1"]

1. e4 d6 2. d4 g6 3. Nc3 Bg7 4. Be3 Nf6 5. f3 c6 6. Qd2 Qa5 7. Nge2 b5 8. Bh6 Bxh6 9. Qxh6 b4 10. Nd1 Ba6 11. c3 Nbd7 12. g4 c5 13. Qd2 Rb8 14. Ng3 Bxf1 15. Rxf1 bxc3 16. bxc3 Nb6 17. d5 h5 18. g5 Nfd7 19. f4 Nc4 20. Qc2 Na3 21. Qe2 Qa4 22. Kf2 Nc4 23. h4 Kd8 24. Kg1 Kc7 25. Nh1 f6 26. Nhf2 fxg5 27. hxg5 Rbf8 28. Nd3 Ndb6 29. N1f2 Rh7 30. Rad1 Qa3 31. Rc1 Qa4 32. Nh3 Qd7 33. f5 gxf5 34. Nhf4 Kb8 35. Ne6 Rc8 36. Rxf5 Rg8 37. Nf8 Rxf8 38. Rxf8+ Kc7 39. Nf4 Kb7 40. Ne6 Ne5 41. Qf1 h4 42. a4 a5 43. Rb1 Qxa4 44. Rxb6+ 1-0

[Event "ROM-ch U20 Girls"]
[Site "Baile Tusnad"]
[Date "2000.05.03"]
[Round "1"]
[White "Tutulan, Mihaela"]
[Black "Bogza, Oana"]
[Result "0-1"]
[WhiteElo "2024"]
[BlackElo "2104"]
[PlyCount "60"]
[EventDate "2000.05.??"]
[EventType "swiss"]
[EventRounds "9"]
[EventCountry "ROU"]
[SourceTitle "EXT 2004"]
[Source "ChessBase"]
[SourceDate "2003.11.25"]
[SourceVersion "1"]
[SourceVersionDate "2003.11.25"]
[SourceQuality "1"]

1. d4 g6 2. c4 Bg7 3. Nc3 c5 4. d5 Bxc3+ 5. bxc3 f5 6. Nf3 d6 7. g3 Qa5 8. Qc2 Nf6 9. Bg2 Nbd7 10. 0-0 Nb6 11. Nd2 Bd7 12. Bb2 0-0-0 13. e4 fxe4 14. Bxe4 Nxe4 15. Nxe4 Nxc4 16. Qb3 Qa6 17. a4 Bf5 18. Ng5 Nd2 19. Qb5 Nxf1 20. Qxf1 Qxf1+ 21. Rxf1 Rde8 22. c4 Rhg8 23. f3 h6 24. Nf7 Bd3 25. Rc1 Rgf8 26. Nxh6 Rxf3 27. Kg2 Be4 28. Re1 Re3+ 29. Kf2 Rxe1 30. Kxe1 Bd3 0-1

[Event "ROM-chT"]
[Site "Sovata"]
[Date "2000.04.14"]
[Round "2"]
[White "Bogza, Oana"]
[Black "Istrati, Viorica"]
[Result "1/2-1/2"]
[WhiteElo "2076"]
[BlackElo "2156"]
[PlyCount "125"]
[EventDate "2000.04.13"]
[EventType "team"]
[EventRounds "5"]
[EventCountry "ROU"]
[SourceTitle "EXT 2001"]
[Source "ChessBase"]
[SourceDate "2000.11.22"]
[SourceVersion "1"]
[SourceVersionDate "2000.11.22"]
[SourceQuality "1"]

1. Nf3 c5 2. g3 Nc6 3. Bg2 g6 4. 0-0 Bg7 5. d3 e6 6. Nbd2 d5 7. e4 Nge7 8. Re1 0-0 9. c3 b6 10. e5 Qc7 11. Qe2 Ba6 12. Nf1 c4 13. d4 b5 14. a3 Bc8 15. Bf4 a5 16. Ne3 h6 17. h4 Nf5 18. Nh2 Nxe3 19. Qxe3 Ne7 20. Bh3 Kh7 21. Qf3 Nf5 22. Ng4 Qe7 23. Ne3 Nxe3 24. Qxe3 Bd7 25. Qe2 b4 26. axb4 axb4 27. Bg4 bxc3 28. bxc3 Ra3 29. Rxa3 Qxa3 30. Qf3 Rb8 31. Bc1 Qe7 32. Qe3 Ba4 33. Kg2 Bc2 34. Bf3 Rb3 35. Qd2 Bd3 36. Bd1 Rb1 37. Bf3 h5 38. Rd1 Qa7 39. Re1 Rb3 40. Bd1 Rb1 41. Be2 Bf5 42. Qe3 Qa1 43. Bf3 Kg8 44. Bd2 Rxe1 45. Qxe1 Qxe1 46. Bxe1 Bh6 47. Bd1 Bc1 48. Ba4 f6 49. f4 fxe5 50. fxe5 Kg7 51. Kf3 g5 52. hxg5 Kg6 53. Kf2 Kxg5 54. Kf3 Bg4+ 55. Kf2 h4 56. gxh4+ Kxh4 57. Kg2+ Kg5 58. Kg3 Be2 59. Kf2 Bd3 60. Kf3 Bg6 61. Kg3 Bf4+ 62. Kf2 Bd3 63. Kf3 1/2-1/2

[Event "Radulescu Memorial"]
[Site "Calimanesti"]
[Date "2000.??.??"]
[Round "?"]
[White "Barzanu, Iulian"]
[Black "Bogza, Oana"]
[Result "1-0"]
[WhiteElo "2136"]
[BlackElo "2076"]
[PlyCount "61"]
[EventDate "2000.??.??"]
[EventType "swiss"]
[EventRounds "9"]
[EventCountry "ROU"]
[SourceTitle "EXT 2001"]
[Source "ChessBase"]
[SourceDate "2000.11.22"]
[SourceVersion "1"]
[SourceVersionDate "2000.11.22"]
[SourceQuality "1"]

1. e4 d6 2. d4 Nf6 3. Nc3 g6 4. f4 Bg7 5. Nf3 0-0 6. e5 dxe5 7. dxe5 Qxd1+ 8. Kxd1 Nh5 9. Bc4 Bg4 10. Ke2 Nc6 11. Bd5 Nd4+ 12. Kf2 Nxc2 13. Rb1 c6 14. Be4 Nb4 15. a3 Na6 16. h3 Bxf3 17. Kxf3 Bh8 18. g4 Ng7 19. f5 Ne8 20. Bf4 Rd8 21. Rhd1 Nec7 22. b4 Rfe8 23. b5 cxb5 24. Bxb7 Nc5 25. Bc6 Rf8 26. Nxb5 Nxb5 27. Bxb5 Bg7 28. Bg5 gxf5 29. gxf5 Bxe5 30. Rg1 Bd4 31. Bf6+ 1-0

[Event "Radulescu Memorial"]
[Site "Calimanesti"]
[Date "2000.??.??"]
[Round "?"]
[White "Bogza, Oana"]
[Black "Calotescu, Ana Cristina"]
[Result "0-1"]
[WhiteElo "2076"]
[BlackElo "2176"]
[PlyCount "75"]
[EventDate "2000.??.??"]
[EventType "swiss"]
[EventRounds "9"]
[EventCountry "ROU"]
[SourceTitle "EXT 2001"]
[Source "ChessBase"]
[SourceDate "2000.11.22"]
[SourceVersion "1"]
[SourceVersionDate "2000.11.22"]
[SourceQuality "1"]

1. Nf3 Nf6 2. g3 g6 3. Bg2 Bg7 4. 0-0 0-0 5. d3 d5 6. c4 c5 7. Nc3 Nc6 8. cxd5 Nxd5 9. Nxd5 Qxd5 10. Be3 Qd6 11. Nd2 b6 12. Qa4 Bd7 13. Nc4 Qc7 14. Rfe1 Rac8 15. Rac1 Nd4 16. Qd1 b5 17. Na3 Qd6 18. Nc2 Ne6 19. Rb1 Bc6 20. Bxc6 Rxc6 21. Qd2 Rd8 22. Red1 h5 23. Ne1 Qd5 24. a3 h4 25. gxh4 Qf5 26. Ng2 c4 27. Qb4 Rcd6 28. Rbc1 Be5 29. Rf1 cxd3 30. exd3 Rxd3 31. Qxe7 Qh3 32. f4 Bxb2 33. Rc2 Bxa3 34. Qxa7 Qf5 35. Ra2 Bf8 36. Raf2 b4 37. Ne1 Ra3 38. Qb6 0-1

[Event "Radulescu Memorial"]
[Site "Calimanesti"]
[Date "2000.??.??"]
[Round "?"]
[White "Bogza, Oana"]
[Black "Cristian, Gheorghe"]
[Result "1-0"]
[WhiteElo "2076"]
[BlackElo "2210"]
[PlyCount "140"]
[EventDate "2000.??.??"]
[EventType "swiss"]
[EventRounds "9"]
[EventCountry "ROU"]
[SourceTitle "EXT 2001"]
[Source "ChessBase"]
[SourceDate "2000.11.22"]
[SourceVersion "1"]
[SourceVersionDate "2000.11.22"]
[SourceQuality "1"]

1. Nf3 c5 2. d4 cxd4 3. Nxd4 Nf6 4. c4 Nc6 5. Nc3 Qb6 6. Nc2 Ne5 7. e4 e6 8. Be2 Be7 9. 0-0 0-0 10. b3 d6 11. Be3 Qc7 12. f3 Bd7 13. Qd2 Rfd8 14. Nd4 Bc6 15. Rfd1 Qa5 16. Rac1 Bf8 17. Kh1 d5 18. cxd5 exd5 19. Nxd5 Qxd2 20. Nxf6+ gxf6 21. Rxd2 Bb4 22. Rdd1 Ba5 23. Kg1 Bd7 24. Kf2 Bb6 25. h3 Kg7 26. f4 Nc6 27. Bf3 Rac8 28. Nxc6 Bxe3+ 29. Kxe3 Bxc6 30. Rxd8 Rxd8 31. Rd1 Re8 32. g4 Kf8 33. Rd4 Ke7 34. Be2 a6 35. Bc4 Rg8 36. Bd5 Bxd5 37. Rxd5 Rc8 38. Kd2 Ke6 39. a4 b6 40. Rd4 Rg8 41. Kc3 h6 42. Rd5 Rc8+ 43. Kd2 Rg8 44. Rh5 Rh8 45. Kc2 Ke7 46. Kb2 Rd8 47. Rxh6 Rd4 48. e5 fxe5 49. fxe5 Rb4 50. Kc3 a5 51. Rc6 Re4 52. Rxb6 Rxe5 53. Rb5 Re3+ 54. Kb2 Rxh3 55. Rxa5 Rg3 56. g5 Kd6 57. Rb5 Kc6 58. Ka3 Rg4 59. Rf5 Kb6 60. a5+ Ka6 61. b4 Rg1 62. Rxf7 Rxg5 63. Rf6+ Ka7 64. Ka4 Kb7 65. Rf7+ Ka8 66. a6 Rg6 67. Ka5 Rg5+ 68. b5 Rg8 69. a7 Rh8 70. b6 Rh5+ 1-0

[Event "Bucharest-B (Women)"]
[Site "Bucharest"]
[Date "2000.??.??"]
[Round "8"]
[White "Bogza, Oana"]
[Black "Ionescu, Irina"]
[Result "1/2-1/2"]
[WhiteElo "2076"]
[BlackElo "2291"]
[PlyCount "68"]
[EventDate "2000.03.??"]
[EventType "tourn"]
[EventRounds "11"]
[EventCountry "ROU"]
[SourceTitle "EXT 2001"]
[Source "ChessBase"]
[SourceDate "2000.11.22"]
[SourceVersion "1"]
[SourceVersionDate "2000.11.22"]
[SourceQuality "1"]

1. Nf3 d5 2. g3 c6 3. Bg2 Bg4 4. 0-0 Nd7 5. d3 Ngf6 6. Nbd2 e5 7. e4 dxe4 8. dxe4 Bc5 9. Qe1 0-0 10. b3 Qe7 11. Bb2 a5 12. Nc4 Bxf3 13. Bxf3 a4 14. Ne3 Rfd8 15. Qe2 Nf8 16. Rfd1 Rxd1+ 17. Rxd1 b5 18. Nf5 Qc7 19. Qd2 Ne6 20. h4 axb3 21. axb3 Ra2 22. Bc3 g6 23. Nh6+ Kg7 24. Ng4 Nxg4 25. Bxg4 Nd4 26. Bxd4 Bxd4 27. h5 Qe7 28. hxg6 hxg6 29. Kg2 Qc5 30. Rh1 Kf6 31. Qh6 Ra8 32. Qh4+ Kg7 33. Qh6+ Kf6 34. Qh4+ Kg7 1/2-1/2

[Event "Radulescu Memorial"]
[Site "Calimanesti"]
[Date "2000.??.??"]
[Round "?"]
[White "Ionescu, Irina"]
[Black "Bogza, Oana"]
[Result "1-0"]
[WhiteElo "2291"]
[BlackElo "2076"]
[PlyCount "69"]
[EventDate "2000.??.??"]
[EventType "swiss"]
[EventRounds "9"]
[EventCountry "ROU"]
[SourceTitle "EXT 2001"]
[Source "ChessBase"]
[SourceDate "2000.11.22"]
[SourceVersion "1"]
[SourceVersionDate "2000.11.22"]
[SourceQuality "1"]

1. e4 d6 2. d4 g6 3. Nc3 Bg7 4. f4 Nf6 5. Nf3 0-0 6. Bd3 Na6 7. 0-0 c5 8. d5 Bg4 9. Kh1 Rb8 10. h3 Bxf3 11. Rxf3 Nd7 12. Nb5 Qb6 13. c4 Nc7 14. Nc3 e6 15. Bf1 exd5 16. exd5 Rbe8 17. Bd2 Nf6 18. Qc2 a6 19. Bd3 Qa7 20. a4 Qb8 21. a5 b5 22. axb6 Qxb6 23. Na4 Qb7 24. Rb1 Nd7 25. b4 Qa7 26. bxc5 Nxc5 27. Nxc5 dxc5 28. f5 Bd4 29. Rbf1 Rb8 30. Bc3 Bxc3 31. Qxc3 Qb6 32. fxg6 hxg6 33. Rf6 Qb2 34. Qxb2 Rxb2 35. Bxg6 1-0

[Event "EU-ch U18 Girls"]
[Site "Litohoto"]
[Date "1999.09.10"]
[Round "8"]
[White "Kosintseva, Nadezhda"]
[Black "Bogza, Oana"]
[Result "1-0"]
[WhiteElo "2259"]
[BlackElo "2086"]
[PlyCount "47"]
[EventDate "1999.09.03"]
[EventType "swiss"]
[EventRounds "9"]
[EventCountry "GRE"]
[SourceTitle "CBM 072 Extra"]
[Source "ChessBase"]
[SourceDate "1999.11.18"]
[SourceVersion "1"]
[SourceVersionDate "1999.11.18"]
[SourceQuality "1"]

1. e4 d6 2. d4 Nf6 3. Nc3 g6 4. Be3 Bg7 5. Qd2 c6 6. Bh6 Bxh6 7. Qxh6 Qa5 8. Bd3 Nbd7 9. Nf3 b5 10. 0-0 b4 11. Ne2 Ba6 12. Bxa6 Qxa6 13. Ng3 Qb5 14. Rfe1 e5 15. Rad1 Ke7 16. Rd2 Nb6 17. b3 Rad8 18. Red1 Rd7 19. Ng5 Rdd8 20. dxe5 Qxe5 21. Nf3 Qc5 22. Qh4 h6 23. e5 dxe5 24. Qxf6+ 1-0